000 00686cab a2200217 4500
001 WB3027-34
008 090401t1994 xxu||||| |||| 00| 0 eng d
035 _a(Sirsi) u4438
041 _aeng
245 _aKazakhstan construction agreement
260 _c1994
350 _a0
490 _aDoE News Release
_v(402) 12 July 1994 (6)
520 _aConstruction Minister Sir George Young has signed an agreement with the Construction Minister for Kazakhstan. Business team accompanying Minister is listed.
650 _aCONSTRUCTION INDUSTRY
650 _aFORMER SOVIET UNION
650 _aKAZAKHSTAN
690 _aOVERSEAS-REST OF THE WORLD
942 _n0
948 _c04/03/1997
999 _c2668
_d2668